Statistiques concernant SC Bastia - Joueurs les plus capés

Cliquez ici pour prendre le quiz!

Statistiques générales

  • Ce quiz a été pris 10 fois
  • Le résultat moyen est 3 sur 10

Statistiques - réponses

ApparitionNationalitéJoueur% Correct
328FranceYannick Cahuzac
89%
454FranceClaude Papi
67%
496FranceCharles Orlanducci
56%
330FrancePierre-Yves André
33%
252France / TunisieChaouki Ben Saada
22%
319GuinéeMorlaye Soumah
11%
271FranceGeorges Franceschetti
0%
326FranceJean-Louis Cazes
0%
272FrancePaul Marchioni
0%
255FranceSimei Ihily
0%

Distribution des résultats

Percentile par nombre de réponses

% des personnes avec chaque résultat

Votre développement - résultats

Vous n’avez pas pris ce quiz